How to use the Internet : (Record no. 8135)

MARC details
000 -LEADER
fixed length control field 00838cam a22002654a 4500
001 - CONTROL NUMBER
control field 12326201
003 - CONTROL NUMBER IDENTIFIER
control field mut
005 - DATE AND TIME OF LATEST TRANSACTION
control field 20240606081049.0
008 - FIXED-LENGTH DATA ELEMENTS--GENERAL INFORMATION
fixed length control field 010226s2002 inua 001 0 eng
010 ## - LIBRARY OF CONGRESS CONTROL NUMBER
LC control number 2001088017
020 ## - INTERNATIONAL STANDARD BOOK NUMBER
International Standard Book Number 0672322153
040 ## - CATALOGING SOURCE
Original cataloging agency DLC
Transcribing agency DLC
Modifying agency DLC
042 ## - AUTHENTICATION CODE
Authentication code pcc
050 00 - LIBRARY OF CONGRESS CALL NUMBER
Classification number TK5105.875.I57
Item number C355 2002
082 00 - DEWEY DECIMAL CLASSIFICATION NUMBER
Classification number 004.67/8
Edition information 21
100 1# - MAIN ENTRY--PERSONAL NAME
Personal name Cadenhead, Rogers.
245 10 - TITLE STATEMENT
Title How to use the Internet :
Remainder of title visually in full color /
260 ## - PUBLICATION, DISTRIBUTION, ETC.
Place of publication, distribution, etc. Indianapolis, Ind. :
Name of publisher, distributor, etc. Sams,
Date of publication, distribution, etc. c2002.
300 ## - PHYSICAL DESCRIPTION
Extent v, 228 p. :
Other physical details col. ill. ;
Dimensions 26 cm.
500 ## - GENERAL NOTE
General note Includes index.
650 #0 - SUBJECT ADDED ENTRY--TOPICAL TERM
Topical term or geographic name entry element Internet.
906 ## - LOCAL DATA ELEMENT F, LDF (RLIN)
a 7
b cbc
c orignew
d 2
e epcn
f 20
g y-gencatlg
942 ## - ADDED ENTRY ELEMENTS (KOHA)
Source of classification or shelving scheme Library of Congress Classification
Koha item type Books
Holdings
Withdrawn status Lost status Source of classification or shelving scheme Damaged status Not for loan Home library Current library Date acquired Total checkouts Full call number Barcode Date last seen Price effective from Koha item type
    Library of Congress Classification     Murang'a University of Technology Library Murang'a University of Technology Library 21/04/2017   TK5105.875.I57 C355 2002 008754 21/04/2017 21/04/2017 Books